000 00468nam a2200169Ia 4500
003 OSt
005 20260303155308.0
008 211028s2005 xx 000 0 und d
040 _cAIMIT LIBRARY
041 _aeng
100 _aP V Jyothi;Manimozhi, R.
_g299758
_92434
110 _aManimozhi, R.
_92435
245 _aDigitization of SRS and testing process /
260 _aBangalore
_c2005
710 _aHoneywell Technology Solutions Lab
_92436
942 _2ddc
_cPRO
999 _c216896
_d216896